000 00840cam a2200301 i 4500
001 200468342
003 TR-AnTOB
005 20260427165230.0
007 ta
008 071108s1979 nyu 000 0 eng d
010 _a96095071
020 _a0553131796
040 _aBRL
_beng
_erda
_cBRL
_dJBL
_dDAY
_dTR-AnTOB
041 0 _aeng
049 _aSULB
050 1 4 _aPS3503.R167
_bM37 1979
090 _aPS3503.R167 M37 1979
100 1 _aBradbury, Ray,
_d1920-2012
_eauthor
_923710
245 4 _aThe Martian chronicles /
_cRay Bradbury.
264 1 _aNew York :
_bBantam Books,
_c1979.
300 _a182 pages ;
_c19 cm.
336 _atext
_btxt
_2rdacontent
337 _aunmediated
_bn
_2rdamedia
338 _avolume
_bnc
_2rdacarrier
650 0 _aScience fiction, American
_937425
942 _cBK
_2lcc
999 _c200468342
_d86554